000 00692nam a2200253Ia 4500
003 OSt
005 20220918175826.0
006 a|||||r|||| 00| 0
007 ta
008 220917b |||||||| |||| 00| 0 eng d
024 _a19,132
037 _cTextual
040 _aARTS
_cARTS
_beng
041 _2eng
_aeng
082 _aO111,2M71w, K1
100 _aGreene David H
_954973
245 0 _aJ M Synge-1871-1909
260 _aNew York
_bCollier Books USA
_c1961
300 _a319p.
_ccm.
650 _aENGLISH LITERATURE
700 _a Stephens Edward M
_954974
942 _hO111,2M71w, K1
_cTEXL
_2CC
999 _c159156
_d159156